Inter Squad 2016-2017 - Statistics

General Stats
  • This quiz has been taken 20 times
  • The average score is 23 of 35
Answer Stats
# Position Nation Player % Correct
6 MF Portugal João Mário
100%
1 GK Slovenia Samir Handanović
100%
10 FW Montenegro Stevan Jovetić
100%
55 DF Japan Yūto Nagatomo
100%
13 DF Italy Andrea Ranocchia
94%
7 MF Central African Republic Geoffrey Kondogbia
94%
44 FW Croatia Ivan Perišić
94%
9 FW Argentina Mauro Icardi
94%
33 DF Italy Danilo D'Ambrosio
88%
- Coach Netherlands Frank de Boer
88%
77 MF Croatia Marcelo Brozović
88%
25 DF Brazil Miranda
88%
97 GK Romania Andrei Radu
81%
17 DF Chile Gary Medel
81%
8 FW Argentina Rodrigo Palacio
81%
87 FW Italy Antonio Candreva
75%
5 MF Italy Roberto Gagliardini
75%
24 DF Colombia Jeison Murillo
69%
- Coach Italy Stefano Pioli
69%
23 FW Italy Éder
63%
30 GK Argentina Juan Pablo Carrizo
63%
19 MF Argentina Éver Banega
56%
46 GK Italy Tommaso Berni
56%
15 DF Argentina Cristian Ansaldi
44%
21 DF Italy Davide Santon
44%
96 FW Brazil Gabriel Barbosa
44%
11 FW France Jonathan Biabiany
44%
99 FW Italy Andrea Pinamonti
38%
- Coach Italy Stefano Vecchi
38%
5 MF Brazil Felipe Melo
31%
2 DF Italy Marco Andreolli
25%
20 DF Australia Trent Sainsbury
25%
94 DF Ivory Coast Eloge Yao
19%
27 MF Ivory Coast Alassane Traoré
13%
95 DF Belgium Senna Miangue
13%
No matching quizzes found
Score Distribution
Percent of People with Each Score
Percentile by Number Answered
Your Score History
You have not taken this quiz